[Event "English Open Championship 2024"]
[Site "Holiday Inn, 212 Abbey End, Kenilworth CV8 1ED, United Kingdom"]
[Date "2024.06.23"]
[Round "7.20"]
[White "Atako, Chino C"]
[Black "Sachdeva, Ronit"]
[Result "0-1"]
[TimeControl "G90 + 30secs/move"]
[WhiteFideId "468649"]
[BlackFideId "343401589"]
[WhiteElo "2003"]
[BlackElo "1907"]

1. d4 {[%clk 01:28:52]} {[%emt 00:02:07]} d5 {[%clk 01:30:55]} {[%emt
00:00:06]} 2. Nf3 {[%clk 01:29:17]} {[%emt 00:00:05]} Nf6 {[%clk 01:31:21]}
{[%emt 00:00:05]} 3. g3 {[%clk 01:29:42]} {[%emt 00:00:04]} g6 {[%clk
01:31:48]} {[%emt 00:00:04]} 4. Bg2 {[%clk 01:29:31]} {[%emt 00:00:40]} Bg7
{[%clk 01:32:13]} {[%emt 00:00:05]} 5. O-O {[%clk 01:29:54]} {[%emt 00:00:07]}
O-O {[%clk 01:32:41]} {[%emt 00:00:03]} 6. c4 {[%clk 01:28:44]} {[%emt
00:01:41]} c6 {[%clk 01:32:26]} {[%emt 00:00:45]} 7. Nc3 {[%clk 01:28:15]}
{[%emt 00:00:58]} dxc4 {[%clk 01:32:51]} {[%emt 00:00:04]} 8. Ne5 {[%clk
01:25:04]} {[%emt 00:03:41]} Be6 {[%clk 01:22:52]} {[%emt 00:10:28]} 9. e4
{[%clk 01:24:56]} {[%emt 00:00:40]} Nfd7 {[%clk 01:19:13]} {[%emt 00:04:09]} 10.
Nxd7 {[%clk 01:22:52]} {[%emt 00:02:34]} Qxd7 {[%clk 01:18:45]} {[%emt
00:00:57]} 11. Be3 {[%clk 01:18:37]} {[%emt 00:04:45]} Rd8 {[%clk 01:12:44]}
{[%emt 00:06:32]} 12. Qe2 {[%clk 01:06:03]} {[%emt 00:13:04]} Bxd4 {[%clk
01:08:40]} {[%emt 00:04:35]} 13. Bxd4 {[%clk 00:41:51]} {[%emt 00:24:41]} Qxd4
{[%clk 01:09:02]} {[%emt 00:00:08]} 14. Rad1 {[%clk 00:42:12]} {[%emt
00:00:09]} Qb6 {[%clk 01:09:16]} {[%emt 00:00:16]} 15. Na4 {[%clk 00:42:30]}
{[%emt 00:00:11]} Qa5 {[%clk 01:01:20]} {[%emt 00:08:24]} 16. Rxd8+ {[%clk
00:41:28]} {[%emt 00:01:34]} Qxd8 {[%clk 01:01:41]} {[%emt 00:00:08]} 17. Nc5
{[%clk 00:41:49]} {[%emt 00:00:11]} Qc8 {[%clk 00:54:49]} {[%emt 00:07:20]} 18.
Rd1 {[%clk 00:39:45]} {[%emt 00:02:36]} Na6 {[%clk 00:52:19]} {[%emt 00:02:59]}
19. Nxa6 {[%clk 00:39:46]} {[%emt 00:00:30]} bxa6 {[%clk 00:52:46]} {[%emt
00:00:03]} 20. Qc2 {[%clk 00:38:41]} {[%emt 00:01:34]} Rb8 {[%clk 00:51:16]}
{[%emt 00:01:59]} 21. Bf1 {[%clk 00:39:01]} {[%emt 00:00:11]} Qb7 {[%clk
00:40:52]} {[%emt 00:10:53]} 22. Rd2 {[%clk 00:39:28]} {[%emt 00:00:04]} Qb4
{[%clk 00:40:32]} {[%emt 00:00:47]} 23. Qc3 {[%clk 00:26:05]} {[%emt 00:13:56]}
Qxc3 {[%clk 00:40:12]} {[%emt 00:00:52]} 24. bxc3 {[%clk 00:26:33]} {[%emt
00:00:02]} Rb1 {[%clk 00:40:32]} {[%emt 00:00:09]} 25. Kg2 {[%clk 00:26:58]}
{[%emt 00:00:04]} Rc1 {[%clk 00:40:41]} {[%emt 00:00:21]} 26. Rd8+ {[%clk
00:27:09]} {[%emt 00:00:19]} Kg7 {[%clk 00:41:08]} {[%emt 00:00:04]} 27. Ra8
{[%clk 00:27:32]} {[%emt 00:00:07]} Rxc3 {[%clk 00:38:57]} {[%emt 00:02:41]} 28.
Rxa7 {[%clk 00:27:53]} {[%emt 00:00:08]} Ra3 {[%clk 00:36:51]} {[%emt
00:02:36]} 29. Rc7 {[%clk 00:28:17]} {[%emt 00:00:07]} Rxa2 {[%clk 00:36:47]}
{[%emt 00:00:35]} 30. Rxc6 {[%clk 00:28:39]} {[%emt 00:00:08]} Ra4 {[%clk
00:36:46]} {[%emt 00:00:26]} 31. Kf3 {[%clk 00:27:59]} {[%emt 00:01:14]} a5
{[%clk 00:32:21]} {[%emt 00:04:56]} 32. Rc5 {[%clk 00:27:49]} {[%emt 00:00:39]}
Ra3+ {[%clk 00:30:09]} {[%emt 00:02:43]} 33. Ke2 {[%clk 00:27:43]} {[%emt
00:00:35]} a4 {[%clk 00:27:17]} {[%emt 00:03:23]} 34. Kd2 {[%clk 00:27:36]}
{[%emt 00:00:36]} Ra2+ {[%clk 00:27:04]} {[%emt 00:00:44]} 35. Ke3 {[%clk
00:27:58]} {[%emt 00:00:08]} a3 {[%clk 00:25:30]} {[%emt 00:02:04]} 36. Bxc4
{[%clk 00:23:10]} {[%emt 00:05:17]} Rc2 {[%clk 00:25:44]} {[%emt 00:00:15]} 37.
Ra5 {[%clk 00:23:32]} {[%emt 00:00:09]} Bxc4 {[%clk 00:25:17]} {[%emt
00:00:57]} 38. Rxa3 {[%clk 00:23:48]} {[%emt 00:00:14]} Be6 {[%clk 00:25:05]}
{[%emt 00:00:42]} 39. h4 {[%clk 00:24:11]} {[%emt 00:00:07]} h5 {[%clk
00:25:30]} {[%emt 00:00:06]} 40. f3 {[%clk 00:24:19]} {[%emt 00:00:21]} Rg2
{[%clk 00:25:44]} {[%emt 00:00:16]} 41. Kf4 {[%clk 00:24:37]} {[%emt 00:00:12]}
Bc4 {[%clk 00:24:10]} {[%emt 00:02:03]} 42. Rc3 {[%clk 00:22:26]} {[%emt
00:02:43]} Be6 {[%clk 00:23:45]} {[%emt 00:00:55]} 43. Rc7 {[%clk 00:22:44]}
{[%emt 00:00:12]} Kf8 {[%clk 00:23:19]} {[%emt 00:00:55]} 44. Rc6 {[%clk
00:22:01]} {[%emt 00:01:14]} Ba2 {[%clk 00:20:48]} {[%emt 00:03:01]} 45. Rc5
{[%clk 00:19:38]} {[%emt 00:02:51]} f6 {[%clk 00:19:46]} {[%emt 00:01:31]} 46.
e5 {[%clk 00:19:36]} {[%emt 00:00:34]} f5 {[%clk 00:15:35]} {[%emt 00:04:37]}
47. Ra5 {[%clk 00:18:04]} {[%emt 00:02:07]} Kf7 {[%clk 00:15:14]} {[%emt
00:00:50]} 48. Rc5 {[%clk 00:16:47]} {[%emt 00:01:48]} Rb2 {[%clk 00:14:42]}
{[%emt 00:01:00]} 49. Ra5 {[%clk 00:13:47]} {[%emt 00:03:31]} Be6 {[%clk
00:13:22]} {[%emt 00:01:47]} 50. Rc5 {[%clk 00:12:01]} {[%emt 00:02:19]} Rb4+
{[%clk 00:12:21]} {[%emt 00:01:32]} 51. Ke3 {[%clk 00:11:52]} {[%emt 00:00:37]}
f4+ {[%clk 00:11:27]} {[%emt 00:01:26]} 52. gxf4 {[%clk 00:11:03]} {[%emt
00:01:19]} Rb2 {[%clk 00:11:03]} {[%emt 00:00:50]} 53. Ra5 {[%clk 00:09:31]}
{[%emt 00:02:06]} Rh2 {[%clk 00:11:22]} {[%emt 00:00:12]} 54. Rc5 {[%clk
00:09:45]} {[%emt 00:00:15]} Rxh4 {[%clk 00:11:43]} {[%emt 00:00:09]} 55. Rc2
{[%clk 00:10:02]} {[%emt 00:00:12]} Rh3 {[%clk 00:11:33]} {[%emt 00:00:40]} 56.
Rc5 {[%clk 00:10:24]} {[%emt 00:00:08]} 0-1

[Event "English Open Championship 2024"]
[Site "Holiday Inn, 212 Abbey End, Kenilworth CV8 1ED, United Kingdom"]
[Date "2024.06.23"]
[Round "7.21"]
[White "Clarke, James"]
[Black "Mclachlan, Matthew"]
[Result "1-0"]
[TimeControl "G90 + 30secs/move"]
[WhiteFideId "463140"]
[BlackFideId "436003"]
[WhiteElo "1894"]
[BlackElo "1917"]

1. e4 {[%clk 01:30:57]} {[%emt 00:00:02]} e6 {[%clk 01:30:57]} {[%emt
00:00:04]} 2. d4 {[%clk 01:31:24]} {[%emt 00:00:04]} d5 {[%clk 01:31:23]}
{[%emt 00:00:03]} 3. Bd3 {[%clk 01:31:42]} {[%emt 00:00:12]} dxe4 {[%clk
01:31:48]} {[%emt 00:00:05]} 4. Bxe4 {[%clk 01:32:09]} {[%emt 00:00:03]} Nf6
{[%clk 01:32:09]} {[%emt 00:00:08]} 5. Bf3 {[%clk 01:32:36]} {[%emt 00:00:04]}
c5 {[%clk 01:32:29]} {[%emt 00:00:10]} 6. Ne2 {[%clk 01:32:58]} {[%emt
00:00:09]} Nc6 {[%clk 01:32:53]} {[%emt 00:00:06]} 7. Be3 {[%clk 01:33:18]}
{[%emt 00:00:10]} e5 {[%clk 01:33:03]} {[%emt 00:00:20]} 8. Bxc6+ {[%clk
01:33:00]} {[%emt 00:00:48]} bxc6 {[%clk 01:33:27]} {[%emt 00:00:06]} 9. dxe5
{[%clk 01:33:27]} {[%emt 00:00:03]} Qxd1+ {[%clk 01:33:48]} 10. Kxd1 {[%clk
01:33:54]} {[%emt 00:00:12]} Ng4 {[%clk 01:34:10]} {[%emt 00:00:07]} 11. Nd2
{[%clk 01:32:08]} {[%emt 00:02:17]} Ba6 {[%clk 01:34:33]} {[%emt 00:00:08]} 12.
c4 {[%clk 01:26:25]} {[%emt 00:06:12]} Nxe5 {[%clk 01:18:23]} {[%emt 00:16:40]}
13. b3 {[%clk 01:22:38]} {[%emt 00:04:17]} Rd8 {[%clk 01:13:00]} {[%emt
00:05:53]} 14. Nc3 {[%clk 01:19:42]} {[%emt 00:03:25]} Be7 {[%clk 01:09:41]}
{[%emt 00:03:50]} 15. Ke2 {[%clk 01:18:50]} {[%emt 00:01:23]} Bc8 {[%clk
00:59:48]} {[%emt 00:10:22]} 16. Rad1 {[%clk 01:12:14]} {[%emt 00:07:06]} O-O
{[%clk 00:53:39]} {[%emt 00:06:38]} 17. Nde4 {[%clk 01:09:26]} {[%emt
00:03:18]} Rde8 {[%clk 00:54:01]} {[%emt 00:00:08]} 18. Nd6 {[%clk 01:02:30]}
{[%emt 00:07:26]} Bxd6 {[%clk 00:51:02]} {[%emt 00:03:30]} 19. Rxd6 {[%clk
01:02:55]} {[%emt 00:00:04]} Ng4 {[%clk 00:42:41]} {[%emt 00:08:52]} 20. h3
{[%clk 00:59:10]} {[%emt 00:04:15]} Nxe3 {[%clk 00:39:42]} {[%emt 00:03:29]} 21.
fxe3 {[%clk 00:59:21]} {[%emt 00:00:17]} Re5 {[%clk 00:38:26]} {[%emt
00:01:47]} 22. Re1 {[%clk 00:51:01]} {[%emt 00:08:50]} f5 {[%clk 00:35:27]}
{[%emt 00:03:29]} 23. Kf3 {[%clk 00:47:24]} {[%emt 00:04:07]} g5 {[%clk
00:35:27]} {[%emt 00:00:30]} 24. Red1 {[%clk 00:43:06]} {[%emt 00:04:49]} Rfe8
{[%clk 00:31:28]} {[%emt 00:04:29]} 25. R1d3 {[%clk 00:42:57]} {[%emt
00:00:39]} Kf7 {[%clk 00:27:55]} {[%emt 00:04:04]} 26. Kf2 {[%clk 00:41:19]}
{[%emt 00:02:07]} f4 {[%clk 00:19:25]} {[%emt 00:09:00]} 27. exf4 {[%clk
00:38:05]} {[%emt 00:03:43]} Rf5 {[%clk 00:18:54]} {[%emt 00:01:01]} 28. Rf3
{[%clk 00:29:44]} {[%emt 00:08:52]} gxf4 {[%clk 00:16:25]} {[%emt 00:02:58]} 29.
Ne2 {[%clk 00:28:57]} {[%emt 00:01:18]} Re6 {[%clk 00:15:30]} {[%emt 00:01:25]}
30. Rd8 {[%clk 00:27:16]} {[%emt 00:02:11]} Re8 {[%clk 00:15:26]} {[%emt
00:00:34]} 31. Rxe8 {[%clk 00:27:13]} {[%emt 00:00:33]} Kxe8 {[%clk 00:15:51]}
{[%emt 00:00:05]} 32. Nxf4 {[%clk 00:26:08]} {[%emt 00:01:35]} Ke7 {[%clk
00:15:09]} {[%emt 00:01:12]} 33. Nd3 {[%clk 00:25:26]} {[%emt 00:01:12]} Rxf3+
{[%clk 00:13:14]} {[%emt 00:02:24]} 34. Kxf3 {[%clk 00:25:26]} {[%emt
00:00:31]} Bf5 {[%clk 00:13:37]} {[%emt 00:00:07]} 35. Nxc5 {[%clk 00:22:48]}
{[%emt 00:03:06]} Kd6 {[%clk 00:13:09]} {[%emt 00:01:00]} 36. Ne4+ {[%clk
00:22:42]} {[%emt 00:00:37]} Ke5 {[%clk 00:13:29]} {[%emt 00:00:09]} 37. Ng3
{[%clk 00:22:06]} {[%emt 00:01:06]} Bb1 {[%clk 00:13:37]} {[%emt 00:00:22]} 38.
Ne2 {[%clk 00:13:55]} {[%emt 00:08:42]} Bxa2 {[%clk 00:13:20]} {[%emt
00:00:46]} 39. Nc1 {[%clk 00:14:16]} {[%emt 00:00:09]} Bb1 {[%clk 00:13:47]}
{[%emt 00:00:04]} 40. Ke3 {[%clk 00:14:28]} {[%emt 00:00:18]} a5 {[%clk
00:10:44]} {[%emt 00:03:33]} 41. g3 {[%clk 00:10:46]} {[%emt 00:04:12]} Bg6
{[%clk 00:07:57]} {[%emt 00:03:16]} 42. Nd3+ {[%clk 00:10:47]} {[%emt
00:00:29]} Kd6 {[%clk 00:07:02]} {[%emt 00:01:26]} 43. Kd4 {[%clk 00:10:47]}
{[%emt 00:00:30]} Bf7 {[%clk 00:06:13]} {[%emt 00:01:19]} 44. Nc5 {[%clk
00:10:43]} {[%emt 00:00:33]} Kc7 {[%clk 00:06:34]} {[%emt 00:00:10]} 45. Ke5
{[%clk 00:08:45]} {[%emt 00:02:28]} Bg6 {[%clk 00:06:06]} {[%emt 00:00:57]} 46.
g4 {[%clk 00:08:41]} {[%emt 00:00:35]} Bc2 {[%clk 00:06:20]} {[%emt 00:00:16]}
47. g5 {[%clk 00:07:25]} {[%emt 00:01:46]} Kb6 {[%clk 00:06:14]} {[%emt
00:00:36]} 48. Kd6 {[%clk 00:07:11]} {[%emt 00:00:44]} Bd1 {[%clk 00:06:12]}
{[%emt 00:00:33]} 49. h4 {[%clk 00:07:30]} {[%emt 00:00:10]} Be2 {[%clk
00:04:52]} {[%emt 00:01:49]} 50. Ne4 {[%clk 00:05:58]} {[%emt 00:02:02]} a4
{[%clk 00:03:40]} {[%emt 00:01:43]} 51. c5+ {[%clk 00:06:07]} {[%emt 00:00:21]}
Ka5 {[%clk 00:03:25]} {[%emt 00:00:45]} 52. bxa4 {[%clk 00:06:29]} {[%emt
00:00:07]} Bf3 {[%emt 00:00:21]} 53. Nf6 {[%clk 00:06:36]} {[%emt 00:00:21]}
1-0

[Event "English Open Championship 2024"]
[Site "Holiday Inn, 212 Abbey End, Kenilworth CV8 1ED, United Kingdom"]
[Date "2024.06.23"]
[Round "7.22"]
[White "Sefton, Adam"]
[Black "Fellowes, Billy"]
[Result "0-1"]
[TimeControl "G90 + 30secs/move"]
[WhiteFideId "343400965"]
[BlackFideId "483540"]
[WhiteElo "1850"]
[BlackElo "2019"]

1. e4 {[%clk 01:30:40]} {[%emt 00:00:20]} Nc6 {[%clk 01:30:34]} {[%emt
00:00:26]} 2. Nf3 {[%clk 01:30:50]} {[%emt 00:00:21]} d6 {[%clk 01:31:01]}
{[%emt 00:00:04]} 3. d4 {[%clk 01:31:00]} {[%emt 00:00:19]} Nf6 {[%clk
01:31:26]} {[%emt 00:00:05]} 4. Nc3 {[%clk 01:31:25]} {[%emt 00:00:04]} g6
{[%clk 01:31:15]} {[%emt 00:00:41]} 5. Be3 {[%clk 01:30:23]} {[%emt 00:01:32]}
Bg7 {[%clk 01:31:33]} {[%emt 00:00:13]} 6. h3 {[%clk 01:30:46]} {[%emt
00:00:07]} O-O {[%clk 01:31:45]} {[%emt 00:00:18]} 7. Qd2 {[%clk 01:31:11]}
{[%emt 00:00:05]} e5 {[%clk 01:32:11]} {[%emt 00:00:04]} 8. d5 {[%clk
01:31:19]} {[%emt 00:00:22]} Ne7 {[%clk 01:32:26]} {[%emt 00:00:15]} 9. O-O-O
{[%clk 01:28:45]} {[%emt 00:03:04]} Bd7 {[%clk 01:32:22]} {[%emt 00:00:34]} 10.
g4 {[%clk 01:24:54]} {[%emt 00:04:21]} b5 {[%clk 01:29:50]} {[%emt 00:03:02]}
11. Bd3 {[%clk 01:22:39]} {[%emt 00:02:44]} b4 {[%clk 01:27:05]} {[%emt
00:03:15]} 12. Ne2 {[%emt 00:14:24]} c5 {[%clk 01:14:15]} {[%emt 00:00:01]} 13.
Ng3 {[%clk 01:15:33]} {[%emt 00:07:01]} Qa5 {[%clk 01:12:50]} {[%emt 00:01:56]}
14. Kb1 {[%clk 01:15:38]} {[%emt 00:00:25]} Bb5 {[%clk 01:12:08]} {[%emt
00:01:12]} 15. Qe2 {[%clk 01:10:46]} {[%emt 00:05:21]} a6 {[%clk 01:09:46]}
{[%emt 00:02:52]} 16. Nd2 {[%clk 01:08:26]} {[%emt 00:02:50]} Rfc8 {[%clk
00:53:34]} {[%emt 00:16:43]} 17. Bg5 {[%clk 00:59:46]} {[%emt 00:09:08]} h6
{[%clk 00:49:55]} {[%emt 00:04:10]} 18. Bxf6 {[%clk 01:00:07]} {[%emt
00:00:09]} Bxf6 {[%clk 00:50:21]} {[%emt 00:00:05]} 19. h4 {[%clk 01:00:22]}
{[%emt 00:00:14]} Bg7 {[%clk 00:50:26]} {[%emt 00:00:25]} 20. Ngf1 {[%clk
00:57:13]} {[%emt 00:03:40]} c4 {[%clk 00:46:51]} {[%emt 00:04:06]} 21. Nxc4
{[%clk 00:53:47]} {[%emt 00:03:55]} Bxc4 {[%clk 00:46:08]} {[%emt 00:01:13]} 22.
Bxc4 {[%clk 00:53:02]} {[%emt 00:01:15]} Rc7 {[%clk 00:45:07]} {[%emt
00:01:31]} 23. h5 {[%clk 00:51:43]} {[%emt 00:01:49]} g5 {[%clk 00:45:34]}
{[%emt 00:00:03]} 24. Ne3 {[%clk 00:50:17]} {[%emt 00:01:56]} Nc8 {[%clk
00:45:58]} {[%emt 00:00:07]} 25. Bb3 {[%clk 00:46:50]} {[%emt 00:03:56]} Nb6
{[%clk 00:45:04]} {[%emt 00:01:24]} 26. Nc4 {[%clk 00:45:05]} {[%emt 00:02:13]}
Qb5 {[%clk 00:45:17]} {[%emt 00:00:19]} 27. Nxb6 {[%clk 00:36:45]} {[%emt
00:08:50]} Qxe2 {[%clk 00:45:42]} {[%emt 00:00:05]} 28. Nxa8 {[%clk 00:37:08]}
{[%emt 00:00:07]} Rb7 {[%clk 00:44:24]} {[%emt 00:01:47]} 29. Ba4 {[%clk
00:37:30]} {[%emt 00:00:09]} Qxe4 {[%clk 00:43:45]} {[%emt 00:01:10]} 30. Bc6
{[%clk 00:37:54]} {[%emt 00:00:05]} Rb8 {[%clk 00:43:57]} {[%emt 00:00:18]} 31.
Nc7 {[%clk 00:37:58]} {[%emt 00:00:26]} Qxg4 {[%clk 00:43:44]} {[%emt
00:00:44]} 32. Ne8 {[%clk 00:37:00]} {[%emt 00:01:27]} Rd8 {[%emt 00:03:14]} 33.
Rd3 {[%clk 00:35:02]} Bh8 {[%clk 00:43:10]} {[%emt 00:00:46]} 34. Rb3 {[%clk
00:34:53]} {[%emt 00:00:40]} a5 {[%clk 00:42:14]} {[%emt 00:01:28]} 35. Nc7
{[%clk 00:35:09]} {[%emt 00:00:15]} Qc4 {[%clk 00:40:51]} {[%emt 00:01:52]} 36.
Nb5 {[%clk 00:28:56]} {[%emt 00:06:43]} Qc5 {[%clk 00:40:36]} {[%emt 00:00:45]}
37. f3 {[%clk 00:27:47]} {[%emt 00:01:38]} a4 {[%clk 00:39:35]} {[%emt
00:01:32]} 38. Rd3 {[%clk 00:27:08]} {[%emt 00:01:09]} Rb8 {[%clk 00:39:20]}
{[%emt 00:00:44]} 39. Nc7 {[%clk 00:25:49]} {[%emt 00:01:49]} Qa5 {[%clk
00:39:23]} {[%emt 00:00:28]} 40. Ne8 {[%clk 00:26:03]} {[%emt 00:00:16]} Rd8
{[%clk 00:37:50]} {[%emt 00:02:02]} 41. a3 {[%clk 00:25:34]} {[%emt 00:01:01]}
Kf8 {[%clk 00:37:50]} {[%emt 00:00:29]} 42. axb4 {[%clk 00:25:21]} {[%emt
00:00:43]} Qxb4 {[%clk 00:38:18]} {[%emt 00:00:02]} 43. Ra3 {[%clk 00:24:54]}
{[%emt 00:00:58]} e4 {[%clk 00:37:03]} {[%emt 00:01:44]} 44. c3 {[%clk
00:24:55]} {[%emt 00:00:29]} Qb6 {[%clk 00:37:21]} {[%emt 00:00:12]} 45. fxe4
{[%clk 00:23:37]} {[%emt 00:01:48]} Rxe8 {[%clk 00:37:42]} {[%emt 00:00:09]} 46.
Bxe8 {[%clk 00:24:04]} {[%emt 00:00:03]} Kxe8 {[%clk 00:38:07]} {[%emt
00:00:05]} 47. Rc1 {[%clk 00:23:46]} {[%emt 00:00:48]} Qb5 {[%clk 00:38:22]}
{[%emt 00:00:15]} 48. Rc2 {[%clk 00:23:57]} {[%emt 00:00:18]} Be5 {[%clk
00:37:41]} {[%emt 00:01:11]} 49. c4 {[%clk 00:23:41]} {[%emt 00:00:47]} Qb4
{[%clk 00:38:04]} {[%emt 00:00:07]} 50. Rac3 {[%clk 00:21:50]} {[%emt
00:02:20]} Bxc3 {[%clk 00:38:07]} {[%emt 00:00:28]} 51. Rxc3 {[%clk 00:22:15]}
{[%emt 00:00:04]} g4 {[%clk 00:38:13]} {[%emt 00:00:25]} 0-1

[Event "English Open Championship 2024"]
[Site "Holiday Inn, 212 Abbey End, Kenilworth CV8 1ED, United Kingdom"]
[Date "2024.06.23"]
[Round "7.23"]
[White "Nicholas, Koichi B"]
[Black "Green, Michael"]
[Result "1/2-1/2"]
[TimeControl "G90 + 30secs/move"]
[WhiteFideId "409820"]
[BlackFideId "437514"]
[WhiteElo "2130"]
[BlackElo "1961"]

1. e4 {[%clk 01:29:13]} {[%emt 00:01:46]} g6 {[%clk 01:30:49]} {[%emt
00:00:12]} 2. d4 {[%clk 01:29:33]} {[%emt 00:00:10]} Bg7 {[%clk 01:31:11]}
{[%emt 00:00:09]} 3. Nc3 {[%clk 01:29:52]} {[%emt 00:00:10]} c6 {[%clk
01:31:31]} {[%emt 00:00:10]} 4. h3 {[%clk 01:29:34]} {[%emt 00:00:47]} d5
{[%clk 01:31:55]} {[%emt 00:00:08]} 5. e5 {[%clk 01:29:31]} {[%emt 00:00:32]}
h5 {[%clk 01:32:14]} {[%emt 00:00:10]} 6. Nf3 {[%clk 01:29:20]} {[%emt
00:00:39]} Nh6 {[%clk 01:32:29]} {[%emt 00:00:18]} 7. Bd3 {[%clk 01:28:14]}
{[%emt 00:01:36]} Bf5 {[%clk 01:32:27]} {[%emt 00:00:32]} 8. O-O {[%clk
01:27:22]} {[%emt 00:01:21]} Bxd3 {[%clk 01:28:14]} {[%emt 00:04:43]} 9. Qxd3
{[%clk 01:27:46]} {[%emt 00:00:06]} e6 {[%clk 01:28:29]} {[%emt 00:00:16]} 10.
Bg5 {[%clk 01:27:04]} {[%emt 00:01:12]} Qc7 {[%clk 01:27:32]} {[%emt 00:01:26]}
11. Qd2 {[%clk 01:26:42]} {[%emt 00:00:52]} Nf5 {[%clk 01:27:01]} {[%emt
00:00:59]} 12. Ne2 {[%clk 01:25:00]} {[%emt 00:02:13]} Bh6 {[%clk 01:24:23]}
{[%emt 00:03:09]} 13. g4 {[%clk 01:17:56]} {[%emt 00:07:34]} Bxg5 {[%clk
01:21:00]} {[%emt 00:03:54]} 14. Qxg5 {[%clk 01:16:10]} {[%emt 00:02:15]} Ng7
{[%clk 01:20:49]} {[%emt 00:00:42]} 15. Qf6 {[%clk 01:09:51]} {[%emt 00:06:49]}
Kf8 {[%clk 01:16:16]} {[%emt 00:05:03]} 16. Ng5 {[%clk 00:59:15]} {[%emt
00:11:05]} Qe7 {[%clk 01:11:21]} {[%emt 00:05:26]} 17. Nf4 {[%clk 00:42:05]}
{[%emt 00:17:40]} Qxf6 {[%clk 01:06:38]} {[%emt 00:05:13]} 18. exf6 {[%clk
00:42:28]} {[%emt 00:00:07]} Ne8 {[%clk 01:06:51]} {[%emt 00:00:17]} 19. Ngxe6+
{[%clk 00:42:06]} {[%emt 00:00:52]} Kg8 {[%clk 00:56:49]} {[%emt 00:10:32]} 20.
g5 {[%clk 00:33:18]} {[%emt 00:09:18]} fxe6 {[%clk 00:48:00]} {[%emt 00:09:20]}
21. Nxg6 {[%clk 00:33:17]} {[%emt 00:00:30]} Rh7 {[%clk 00:44:48]} {[%emt
00:03:42]} 22. Rae1 {[%clk 00:32:49]} {[%emt 00:00:56]} Nd7 {[%clk 00:42:10]}
{[%emt 00:03:09]} 23. Rxe6 {[%clk 00:29:40]} {[%emt 00:03:39]} Nexf6 {[%clk
00:38:19]} {[%emt 00:04:22]} 24. gxf6 {[%clk 00:27:51]} {[%emt 00:02:17]} Kf7
{[%clk 00:38:02]} {[%emt 00:00:48]} 25. Nf4 {[%clk 00:27:46]} {[%emt 00:00:35]}
Nxf6 {[%clk 00:29:32]} {[%emt 00:09:01]} 26. f3 {[%clk 00:19:37]} {[%emt
00:08:37]} Re8 {[%clk 00:23:21]} {[%emt 00:06:42]} 27. Rfe1 {[%clk 00:16:51]}
{[%emt 00:03:16]} Rxe6 {[%clk 00:20:08]} {[%emt 00:03:43]} 28. Nxe6 {[%clk
00:16:38]} {[%emt 00:00:43]} Rh8 {[%clk 00:17:58]} {[%emt 00:02:41]} 29. Ng5+
{[%clk 00:15:49]} {[%emt 00:01:18]} Kg6 {[%clk 00:17:56]} {[%emt 00:00:32]} 30.
h4 {[%clk 00:15:47]} {[%emt 00:00:31]} Re8 {[%clk 00:17:03]} {[%emt 00:01:24]}
31. Re6 {[%clk 00:05:31]} {[%emt 00:10:46]} Kf5 {[%clk 00:15:26]} {[%emt
00:02:07]} 32. Rxe8 {[%clk 00:04:54]} {[%emt 00:01:07]} Nxe8 {[%emt 00:05:01]}
1/2-1/2